00278nam a2200109Ia 4500100001500000650001500015654004400030245004600074260002100120082001500141546001200156 aAnvoner S  aCarpentery aSolution Of Problm In Theory Of Machine aSolustion Of Problem In Theory Of Machine bSir Isaac Pitman a621.8bAnv aENGLISH